000 01243nam a2200301 4500
001 0000016564
003 CO-CtgCURN
005 20250331185217.0
007 ta
008 160627s1984 000 0 eng d
040 _aCO-CtgCURN
_bspa
_ccoctgcurn
082 0 _a616.9
_bE28f
100 1 _aRestrepo, Angela.
245 1 0 _aFundamentos de medicina :
_benfermedades infecciosas /
_cAngela Restrepo ... [et al.].
250 _a3a ed.
260 _aMedellin :
_bCIB (Corporación para Investigaciones biologicas),
_c1984.
300 _a743 p.
336 _2rdacontent
337 _2rdamedia
_asin mediacion
_bn
338 _2rdacarrier
_avolumen
_bnc
490 1 _aFundamentos de Medicina
505 8 _aEnfermedades Infecciosas.--Hepatitis Viral.--Bacilos Gram Negativos.--Espiroquetas.--Helmintiasis tisulares.--Micetomas.--Cocos Gram Negativos.--Sindrome septico.--Zoonosis bacteriana.--Terapia antimicrobiana.--Sindromes clinicos.--Enfermedades virales.--Priones.--Enfermedades por Hongos
650 1 4 _aEnfermedades transmisibles.
700 1 _aBorrero, Jaime. Restrepo, Jorge. Rojas, William.
908 _a160627
942 _cBK
_h616.9
_iE28f
_2ddc
999 _c22961
_d22961